Loading...
| Literature - World | 0 | 9 | 0 | 0 | 90 | 30 | 63.11 | 8 | 9 | 49.22 | 88.00 |
| Literature - American | 0 | 8 | 0 | 0 | 80 | 21 | 59.63 | 5 | 7 | 46.22 | 70.00 |
| Literature - British | 0 | 8 | 1 | 1 | 75 | 24 | 63.88 | 5 | 8 | 44.09 | 64.00 |
| Literature - European | 0 | 7 | 1 | 0 | 65 | 64 | 89.86 | 6 | 7 | 24.51 | 66.00 |
| Philosophy | 0 | 4 | 1 | 0 | 35 | 73 | 77.00 | 3 | 4 | 12.78 | 36.00 |
| Fine Arts - Painting and Sculpture | 0 | 3 | 0 | 0 | 30 | 61 | 75.67 | 3 | 3 | 12.55 | 28.00 |
| Science - Physics | 0 | 3 | 0 | 1 | 30 | 80 | 94.33 | 0 | 3 | 6.32 | 14.00 |
| Religion | 0 | 3 | 0 | 1 | 30 | 94 | 104.33 | 1 | 2 | 5.18 | 18.00 |
| History - Other | 0 | 2 | 0 | 0 | 20 | 84 | 87.50 | 1 | 2 | 6.33 | 18.00 |
| Fine Arts - Other | 0 | 2 | 0 | 0 | 20 | 61 | 64.00 | 2 | 2 | 9.60 | 20.00 |
| Mythology | 0 | 2 | 0 | 0 | 20 | 54 | 57.00 | 0 | 2 | 11.23 | 10.00 |
| Social Science | 0 | 2 | 1 | 0 | 15 | 49 | 73.00 | 2 | 2 | 6.98 | 20.00 |
| Science - Biology | 0 | 1 | 0 | 0 | 10 | 70 | 70.00 | 0 | 1 | 3.86 | 6.00 |
| Fine Arts - Classical Music | 0 | 1 | 0 | 0 | 10 | 64 | 64.00 | 1 | 1 | 4.34 | 8.00 |
| Current Events | 0 | 1 | 0 | 0 | 10 | 24 | 24.00 | 1 | 1 | 27.13 | 33.33 |
| Science - Other | 0 | 1 | 2 | 1 | 0 | 129 | 129.00 | 0 | 1 | 0.08 | 6.00 |